000 00505 a2200181 4500
005 20260317125249.0
008 260317b |||||||| |||| 00| 0 eng d
020 _a9789356170698
_cRs. 995.00
040 _aMAIN
082 _a181.4
_bD26H
100 _aDasgupta, Surendranath
245 _aHistory of Indian philosophy: Southern school of saivism
260 _aNew Delhi
_bShri Sai Printographers
_c2026
300 _axiv, 204
650 _aPhilosophy
650 _aIndian Philosophy
942 _cBK
999 _c396207
_d396207